[Event "US Open-113"]
[Site "Vancouver"]
[Date "2012.08.06"]
[Round "3"]
[White "Yoshinaga, David K"]
[Black "Haring Orton, Ruth Inez"]
[Result "0-1"]
[WhiteElo "1700"]
[BlackElo "1920"]
[PlyCount "74"]
[EventDate "2012.08.04"]
[EventType "swiss"]
[EventRounds "9"]
[EventCountry "USA"]
[SourceTitle "CBM 149 Extra"]
[Source "ChessBase"]
[SourceDate "2012.08.24"]
[SourceVersion "1"]
[SourceVersionDate "2012.08.24"]
[SourceQuality "1"]

1. e4 c5 2. Nc3 Nc6 3. d3 e6 4. Nf3 d5 5. g3 d4 6. Ne2 e5 7. Bg2 Be7 8. Nd2 h5 9. h4 Nh6 10. a4 Ng4 11. Nc4 Be6 12. f3 Nh6 13. Bxh6 Rxh6 14. Qd2 a6 15. Bh3 Bxh3 16. Rxh3 b5 17. axb5 axb5 18. Rxa8 Qxa8 19. Nb6 Qa1+ 20. Kf2 Qxb2 21. Nd5 c4 22. Nxe7 Kxe7 23. g4 hxg4 24. fxg4 Rg6 25. dxc4 bxc4 26. g5 Nb4 27. h5 c3 28. Nxc3 dxc3 29. Rxc3 Rd6 30. Rc7+ Ke6 31. Qe2 Nd3+ 32. Kg3 Rd8 33. Qg4+ Kd6 34. Rxf7 Qxc2 35. h6 Nf4 36. hxg7 Qg2+ 37. Kh4 Qh2+ 0-1